ਗੁਰਮਤ ਨੂਰ / (Record no. 109775)

MARC details
000 -LEADER
fixed length control field 00977nam a22002537a 4500
005 - DATE AND TIME OF LATEST TRANSACTION
control field 20170123164143.0
010 ## - LIBRARY OF CONGRESS CONTROL NUMBER
LC control number B-028857
020 ## - INTERNATIONAL STANDARD BOOK NUMBER
Terms of availability 200.00
International Standard Book Number 8186583246
035 ## - SYSTEM CONTROL NUMBER
System control number B-028857
037 ## - SOURCE OF ACQUISITION
Stock number Cen Lib / Ret
040 ## - CATALOGING SOURCE
Original cataloging agency DPL
Language of cataloging PN
082 ## - DEWEY DECIMAL CLASSIFICATION NUMBER
Classification number 260
Item number ਕੁਲਵੰ
100 ## - MAIN ENTRY--PERSONAL NAME
Personal name ਕੁਲਵੰਤ ਕੌਰ
9 (RLIN) 118643
245 ## - TITLE STATEMENT
Title ਗੁਰਮਤ ਨੂਰ /
Statement of responsibility, etc ਕੁਲਵੰਤ ਕੌਰ
246 ## - VARYING FORM OF TITLE
Title proper/short title Gurmat noor : articles and research papers on gurmat /
Remainder of title by Kulwant Kaur
260 ## - PUBLICATION, DISTRIBUTION, ETC. (IMPRINT)
Place of publication, distribution, etc ਦਿੱਲੀ
Name of publisher, distributor, etc ਵੈੱਲਾਵਿਸ਼ ਪਬਲਿਸ਼ਰਜ਼
Date of publication, distribution, etc 1999
270 ## - ADDRESS
Address ਪੀਤਮ ਪੁਰਾ
City ਦਿੱਲੀ
Postal code 110034
300 ## - PHYSICAL DESCRIPTION
Extent 207p.
Dimensions 22cm(Hb)
650 ## - SUBJECT ADDED ENTRY--TOPICAL TERM
Topical term or geographic name as entry element ਪੰਜਾਬੀ ਸਾਹਿਤ
9 (RLIN) 118644
650 ## - SUBJECT ADDED ENTRY--TOPICAL TERM
Topical term or geographic name as entry element ਪੰਜਾਬੀ ਛੰਦ
9 (RLIN) 1301
650 ## - SUBJECT ADDED ENTRY--TOPICAL TERM
Topical term or geographic name as entry element ਸਿਖ ਪੰਜਾਬੀ - ਭਾਸਾ
9 (RLIN) 118645
650 ## - SUBJECT ADDED ENTRY--TOPICAL TERM
Topical term or geographic name as entry element Sikhism -- Panjabi language.
9 (RLIN) 118646
942 ## - ADDED ENTRY ELEMENTS (KOHA)
Source of classification or shelving scheme Dewey Decimal Classification
Koha item type Punjabi Bks
Classification part 260
Call number suffix ਕੁਲਵੰ
Holdings
Withdrawn status Lost status Damaged status Not for loan Home library Current library Date acquired Source of acquisition Cost, normal purchase price Total Checkouts Full call number Barcode Date last seen Copy number Cost, replacement price Price effective from Koha item type
        Central Library Central Library 06/01/2016 Cen Lib/Ret 200.00   260 ਕੁਲਵੰ B-028857 06/01/2016 1 200.00 06/01/2016 Punjabi Bks

© Delhi Public Library
Hit Counter
free hit counter